| 000 -LEADER |
| fixed length control field |
00760cam a22001457a 4500 |
| 008 - FIXED-LENGTH DATA ELEMENTS--GENERAL INFORMATION |
| fixed length control field |
180718b2010 xxu||||| |||| 00| 0 eng d |
| 082 ## - DEWEY DECIMAL CLASSIFICATION NUMBER |
| Classification number |
Px54 Ed83 |
| 245 ## - TITLE STATEMENT |
| Title |
Education in India: participation and expenditure (NSS 64th round) |
| Statement of responsibility, etc. |
by National Sample Survey Office, National Statistical Organisation, Ministry of Statistics and Programme Implementation |
| 260 ## - PUBLICATION, DISTRIBUTION, ETC. |
| Place of publication, distribution, etc. |
New Delhi |
| Name of publisher, distributor, etc. |
National Sample Survey Office, National Statistical Organisation, Ministry of Statistics and Programme Implementation |
| Date of publication, distribution, etc. |
2010 |
| 300 ## - PHYSICAL DESCRIPTION |
| Extent |
88+p. |
| 440 ## - SERIES STATEMENT/ADDED ENTRY--TITLE |
| Title |
Report no. 532 |
| 500 ## - GENERAL NOTE |
| General note |
Library has 2007/08,2014 |
| 650 ## - SUBJECT ADDED ENTRY--TOPICAL TERM |
| Topical term or geographic name entry element |
Education - India |
| 700 ## - ADDED ENTRY--PERSONAL NAME |
| Personal name |
India. Ministry of Statistics and Programme Implementation. National Statistical Organisation. National Sample Survey Office |